Catálogo

Un grandísimo prodigio del Logos sapiente/ (Registro nro. 27808)

Detalles MARC
000 -LEADER
fixed length control field 00599nam a2200205 a 4500
001 - CONTROL NUMBER
control field 27808
003 - CONTROL NUMBER IDENTIFIER
control field Mx-PuUPA
005 - DATE AND TIME OF LATEST TRANSACTION
control field 20240912094427.0
008 - FIXED-LENGTH DATA ELEMENTS--GENERAL INFORMATION
fixed length control field 140415s2007 000 0 spa d
020 ## - INTERNATIONAL STANDARD BOOK NUMBER
International Standard Book Number 9786079960063
040 ## - CATALOGING SOURCE
Transcribing agency Mx-PuUPA
Original cataloging agency Mx-PuUPA
041 0# - LANGUAGE CODE
Language code of text/sound track or separate title spa
082 ## - DEWEY DECIMAL CLASSIFICATION NUMBER
Classification number 576.163
Item number ESE
100 1# - MAIN ENTRY--PERSONAL NAME
Personal name Villa, Ana Cristina,
Relator term autor
245 10 - TITLE STATEMENT
Title Un grandísimo prodigio del Logos sapiente/
Statement of responsibility, etc. Ana Cristina Villa
250 ## - EDITION STATEMENT
Edition statement Editorial NUN
264 #1 - PRODUCTION, PUBLICATION, DISTRIBUTION, MANUFACTURE, AND COPYRIGHT NOTICE
Place of production, publication, distribution, manufacture Ciudad de México :
Name of producer, publisher, distributor, manufacturer Editorial NUN,
Date of production, publication, distribution, manufacture, or copyright notice ©2022
942 ## - ADDED ENTRY ELEMENTS (KOHA)
Koha item type Libro
Source of classification or shelving scheme Dewey Decimal Classification
Existencias
Withdrawn status Lost status Source of classification or shelving scheme Damaged status Not for loan Collection code Home library Current library Shelving location Date acquired Source of acquisition Total Checkouts Full call number Barcode Price effective from Koha item type
    Dewey Decimal Classification   En catalogación General Biblioteca Karol Wojtyla Biblioteca Karol Wojtyla Procesos técnicos 03/12/2013 Donación   xxx 45168 03/12/2013 Libro